000 00446nam a2200181Ia 4500
008 240925s9999 xx 000 0 und d
020 _a9780143031314
082 _a823 SUL
100 _aSuleri, Sara
245 0 _aBoys Will Be Boys: a daughter's elegy
250 _aNA
260 _aNA
_bNA
_c,2003.
300 _axxi,682p.
_bN.A
_fOriginal
500 _aNA
600 _aHumanities & Natural Science
650 _aLiterature
942 _cBK
999 _c10932
_d10932